Quy phạm thiết kế thi công và nghiệm thu công tác đất và công trình bằng đất

保存先:
書誌詳細
第一著者: Bộ Xây dựng
フォーマット: 図書
言語:Undetermined
出版事項: H. Xây Dựng 2002
主題:
タグ: タグ追加
タグなし, このレコードへの初めてのタグを付けませんか!
Thư viện lưu trữ: Trung tâm Học liệu Trường Đại học Cần Thơ
LEADER 00636nam a2200193Ia 4500
001 CTU_54217
008 210402s9999 xx 000 0 und d
020 |b 36000 
082 |a 690.0218 
082 |b B450 
100 |a Bộ Xây dựng 
245 0 |a Quy phạm thiết kế thi công và nghiệm thu công tác đất và công trình bằng đất 
245 0 |c Bộ Xây dựng 
260 |a H. 
260 |b Xây Dựng 
260 |c 2002 
650 |a construction industry,construction industry 
650 |x standards,quality control 
980 |a Trung tâm Học liệu Trường Đại học Cần Thơ